000 00489nam a2200181Ia 4500
008 240925s9999 xx 000 0 und d
020 _a9788122433739
082 _a620.103 BHA
100 _aBhavikatti, S. S.
245 0 _aEngineering Mechanics
250 _a4th
260 _aNew Delhi:
_bNew Age International (Pvt) Limited
_c,2012.
300 _axxiv,880p.
_bNA
_fPhotocopy
500 _aIncludes Index
600 _aElectrical Engineering
650 _aTechnology
942 _cBK
999 _c12423
_d12423